| 000 | 00754nam a2200277Ia 4500 | ||
|---|---|---|---|
| 008 | 181129s9999 xx 000 0 und d | ||
| 020 | _a9780531138960 | ||
| 050 | _bW636 2008 | ||
| 100 | _aGoldberg, Enid A. | ||
| 245 | 0 | _aGrigory Rasputin : | |
| 245 | 0 | _bholy man or mad monk? / | |
| 245 | 0 | _cby Enid A. Goldberg and Norman Itzkowitz. | |
| 260 | _aNew York, NY : | ||
| 260 | _bScholastic, | ||
| 260 | _c2008 | ||
| 300 | _a128 pages : | ||
| 300 | _billustrations ; | ||
| 300 | _c17cm. | ||
| 440 | _aA wicked history. | ||
| 500 | _a530L | ||
| 650 | _aRasputin, Grigori Efimovich, ca -- 1870-1916. | ||
| 650 | _aRussia -- Court and countries -- Biography. | ||
| 700 | _aItzkowitz, Norman. | ||
| 700 | _aSeries. | ||
| 700 | _aTitle. | ||
| 999 |
_c360117 _d360117 |
||